Problémy slovenského kapitálového trhu sa nezmenšujú Príloha Hospodárskych novín

Pretrvávajúce problémy slovenského kapitálového trhu. Vývoj cien bankových akcií, akcií spoločností chemického, papierenského a drevárskeho priemyslu, strojárskych, hutníckych a stavebných spoločností, akcie investičných fondov. Obchody s dlhopismi.

Na minha lista:
Detalhes bibliográficos
Autor principal: Legéň, A.
Formato: Capítulo de Livro
Idioma:eslovaco
Assuntos:
Tags: Adicionar Tag
Sem tags, seja o primeiro a adicionar uma tag!

MARC

LEADER 00000naa a2200000 4500
001 r022547
005 20230801104533.9
041 0 |a slo 
044 |a SK 
245 1 0 |a Problémy slovenského kapitálového trhu sa nezmenšujú  |b Príloha Hospodárskych novín  |c A. Legéň 
520 |a Pretrvávajúce problémy slovenského kapitálového trhu. Vývoj cien bankových akcií, akcií spoločností chemického, papierenského a drevárskeho priemyslu, strojárskych, hutníckych a stavebných spoločností, akcie investičných fondov. Obchody s dlhopismi. 
610 2 0 |a Slovensko 
610 2 0 |a január-apríl 
610 2 0 |a 1996 
610 2 0 |a trh kapitálový 
610 2 0 |a akcie 
610 2 0 |a banky 
610 2 0 |a priemysel 
610 2 0 |a hutníctvo 
610 2 0 |a stavebníctvo 
610 2 0 |a fondy investičné 
610 2 0 |a dlhopisy 
100 1 |a Legéň, A.